Proceedings. (Record no. 72875)

MARC details
000 -LEADER
fixed length control field 00802cam a22002291 4500
001 - CONTROL NUMBER
control field sa 67001822
003 - CONTROL NUMBER IDENTIFIER
control field DLC
005 - DATE AND TIME OF LATEST TRANSACTION
control field 20260227112326.0
008 - FIXED-LENGTH DATA ELEMENTS--GENERAL INFORMATION
fixed length control field 850123s1965 ii a b f100 0 eng
010 ## - LIBRARY OF CONGRESS CONTROL NUMBER
LC control number sa 67001822
025 ## - OVERSEAS ACQUISITION NUMBER
Overseas acquisition number PL480:I-E-6373
040 ## - CATALOGING SOURCE
Original cataloging agency DLC/ICU
Transcribing agency ICU
Modifying agency DLC
050 00 - LIBRARY OF CONGRESS CALL NUMBER
Classification number QC454
Item number .S95 1965
111 2# - MAIN ENTRY--MEETING NAME
Meeting name or jurisdiction name as entry element Symposium on Spectroscopy at Radio and Microwave Frequencies
Date of meeting or treaty signing (1964 :
Location of meeting Bombay, India)
245 00 - TITLE STATEMENT
Title Proceedings.
260 ## - PUBLICATION, DISTRIBUTION, ETC.
Place of publication, distribution, etc. New Delhi,
Name of publisher, distributor, etc. National Institute of Sciences of India,
Date of publication, distribution, etc. 1965.
300 ## - PHYSICAL DESCRIPTION
Extent viii, 123 p.
Other physical details illus.
Dimensions 24 cm.
490 1# - SERIES STATEMENT
Series statement Bulletin of the National Institite of Sciences of India,
Volume/sequential designation no. 30
504 ## - BIBLIOGRAPHY, ETC. NOTE
Bibliography, etc. note Includes bibliographies.
650 #0 - SUBJECT ADDED ENTRY--TOPICAL TERM
Topical term or geographic name entry element Microwave spectroscopy.
830 #0 - SERIES ADDED ENTRY--UNIFORM TITLE
Uniform title Bulletin of the National Institute of Sciences of India ;
Volume/sequential designation no. 30.

No items available.

Powered by Koha